[Event "Tasmania-ch"]
[Site "Havenview"]
[Date "2016.06.13"]
[Round "7"]
[White "Friebe, Martin"]
[Black "Smith, Andrew"]
[Result "1-0"]
[WhiteElo "2071"]
[BlackElo "1606"]
[PlyCount "53"]
[EventDate "2016.06.11"]
[EventType "swiss"]
[EventRounds "7"]
[EventCountry "AUS"]
[SourceTitle "EXT 2018"]
[Source "ChessBase"]
[SourceDate "2017.10.13"]
[SourceVersion "1"]
[SourceVersionDate "2017.10.13"]
[SourceQuality "1"]

1. e4 e6 2. d3 d5 3. Nd2 Nf6 4. f4 c5 5. e5 Nfd7 6. Ngf3 Nc6 7. g3 a5 8. Bg2 a4 9. c4 Nb4 10. Nb1 dxc4 11. dxc4 Nb6 12. Qxd8+ Kxd8 13. Na3 Bd7 14. 0-0 Bc6 15. Ng5 Bxg2 16. Kxg2 Ke8 17. Rd1 Be7 18. Ne4 Rd8 19. Rxd8+ Kxd8 20. Be3 Na6 21. Rd1+ Kc7 22. b3 axb3 23. axb3 f5 24. Nd6 Kc6 25. Nab5 h6 26. h3 Nc8 27. Nxc8 1-0

[Event "Tasmania op"]
[Site "Launceston"]
[Date "2016.03.14"]
[Round "7"]
[White "Friebe, Martin"]
[Black "Mordue, Neil"]
[Result "1-0"]
[WhiteElo "2071"]
[BlackElo "1425"]
[PlyCount "69"]
[EventDate "2016.03.11"]
[EventType "swiss"]
[EventRounds "7"]
[EventCountry "AUS"]
[SourceTitle "EXT 2018"]
[Source "ChessBase"]
[SourceDate "2017.10.13"]
[SourceVersion "1"]
[SourceVersionDate "2017.10.13"]
[SourceQuality "1"]

1. e4 c5 2. Nc3 g6 3. f4 d6 4. Nf3 Bg7 5. Bc4 e6 6. 0-0 Nf6 7. d3 d5 8. exd5 exd5 9. Qe2+ Be6 10. Bb5+ Nc6 11. Ng5 Qe7 12. Re1 0-0 13. Bxc6 bxc6 14. Nxe6 Qxe6 15. Qxe6 fxe6 16. Na4 Rae8 17. Nxc5 Nh5 18. c3 Nxf4 19. Bxf4 Rxf4 20. Nxe6 Rf7 21. Nxg7 Rxe1+ 22. Rxe1 Kxg7 23. Re6 Rc7 24. d4 Kf7 25. Re5 Rb7 26. b3 a5 27. Kf2 Rd7 28. Ke3 a4 29. b4 Rb7 30. Kd3 Rb5 31. a3 Rb7 32. c4 dxc4+ 33. Kxc4 Kf6 34. Kc5 Rb5+ 35. Kxc6 1-0

[Event "Tasmania op"]
[Site "Launceston"]
[Date "2016.03.13"]
[Round "4"]
[White "Friebe, Martin"]
[Black "Little, Ian"]
[Result "1-0"]
[WhiteElo "2071"]
[BlackElo "1550"]
[PlyCount "59"]
[EventDate "2016.03.11"]
[EventType "swiss"]
[EventRounds "7"]
[EventCountry "AUS"]
[SourceTitle "EXT 2018"]
[Source "ChessBase"]
[SourceDate "2017.10.13"]
[SourceVersion "1"]
[SourceVersionDate "2017.10.13"]
[SourceQuality "1"]

1. e4 c5 2. Nc3 Nc6 3. f4 e6 4. Nf3 a6 5. g3 d6 6. Bg2 Nf6 7. 0-0 Be7 8. h3 Rb8 9. g4 b5 10. d3 Bb7 11. Ne2 Qc7 12. Ng3 Nd7 13. c3 f6 14. Qe2 0-0 15. f5 exf5 16. Nxf5 Nde5 17. Bf4 Nf7 18. d4 c4 19. a3 Bd8 20. Nd2 Ne7 21. Rae1 Nxf5 22. exf5 Bxg2 23. Qxg2 Qb7 24. Re6 Qxg2+ 25. Kxg2 Rb6 26. Rfe1 Ng5 27. Rxd6 Bc7 28. Rxb6 Bxb6 29. h4 Nf7 30. Re6 1-0

[Event "Leipzig VfB op 11th"]
[Site "Leipzig"]
[Date "2004.03.21"]
[Round "9"]
[White "Fuchs, Maria"]
[Black "Friebe, Martin"]
[Result "0-1"]
[WhiteElo "1438"]
[BlackElo "1838"]
[PlyCount "46"]
[EventDate "2004.03.16"]
[EventType "swiss"]
[EventRounds "9"]
[EventCountry "GER"]
[SourceTitle "EXT 2007"]
[Source "ChessBase"]
[SourceDate "2006.11.23"]
[SourceVersion "1"]
[SourceVersionDate "2006.11.23"]
[SourceQuality "1"]

1. d4 Nf6 2. c4 e5 3. dxe5 Ng4 4. e4 h5 5. f4 Bc5 6. Nh3 0-0 7. a3 a5 8. g3 d6 9. Nc3 dxe5 10. f5 Qxd1+ 11. Nxd1 Nc6 12. Nhf2 Nd4 13. Bd3 Nxh2 14. Be3 Nhf3+ 15. Kf1 h4 16. Bxd4 Nxd4 17. Rxh4 Nb3 18. Ra2 b6 19. Bc2 Nd2+ 20. Ke2 Nxc4 21. Bb3 Ba6 22. Ke1 Rad8 23. Ra1 Nd2 0-1

[Event "Leipzig VfB op 11th"]
[Site "Leipzig"]
[Date "2004.03.20"]
[Round "8"]
[White "Friebe, Martin"]
[Black "Justra, Matthias"]
[Result "1-0"]
[WhiteElo "1838"]
[BlackElo "1585"]
[PlyCount "84"]
[EventDate "2004.03.16"]
[EventType "swiss"]
[EventRounds "9"]
[EventCountry "GER"]
[SourceTitle "EXT 2007"]
[Source "ChessBase"]
[SourceDate "2006.11.23"]
[SourceVersion "1"]
[SourceVersionDate "2006.11.23"]
[SourceQuality "1"]

1. e4 e6 2. d3 d5 3. Nd2 Nf6 4. e5 Nfd7 5. f4 c5 6. Ngf3 Nc6 7. g3 Be7 8. Bg2 Qb6 9. c4 Nb4 10. Nb1 dxc4 11. dxc4 Qc7 12. Nc3 Nb6 13. a3 Na6 14. b3 Bd7 15. Qc2 Bc6 16. 0-0 0-0 17. Bb2 Rad8 18. Rad1 Nb8 19. g4 Rxd1 20. Rxd1 Rd8 21. Ne2 Rxd1+ 22. Qxd1 Qd7 23. Qc2 Bxf3 24. Bxf3 Nc6 25. Be4 g6 26. f5 exf5 27. gxf5 Nd4 28. Nxd4 cxd4 29. Qd3 Bf8 30. Kf1 Nc8 31. Qxd4 Qxd4 32. Bxd4 b6 33. f6 Bc5 34. Bb2 a5 35. Bc6 Na7 36. Bd7 h5 37. Ke2 g5 38. Kf3 Kh7 39. Ke4 Kg6 40. h4 g4 41. Bf5+ Kh6 42. Bc1+ Be3 1-0

[Event "Leipzig VfB op 11th"]
[Site "Leipzig"]
[Date "2004.03.17"]
[Round "2"]
[White "Friebe, Martin"]
[Black "Bergmann, Hans Dieter"]
[Result "1-0"]
[WhiteElo "1838"]
[BlackElo "1595"]
[PlyCount "45"]
[EventDate "2004.03.16"]
[EventType "swiss"]
[EventRounds "9"]
[EventCountry "GER"]
[SourceTitle "EXT 2007"]
[Source "ChessBase"]
[SourceDate "2006.11.23"]
[SourceVersion "1"]
[SourceVersionDate "2006.11.23"]
[SourceQuality "1"]

1. e4 c5 2. Nc3 Nc6 3. f4 g6 4. Nf3 d6 5. Bc4 e6 6. d3 Bg7 7. 0-0 Nge7 8. Qe1 a6 9. a4 Nb4 10. Bb3 0-0 11. f5 exf5 12. Qh4 fxe4 13. dxe4 h5 14. Bg5 Re8 15. Bf6 Bh6 16. Ng5 c4 17. Bxc4 Qb6+ 18. Kh1 d5 19. Nxf7 dxc4 20. Nxh6+ Kh7 21. Bxe7 Kxh6 22. Rf7 Qa5 23. Qf4+ 1-0

[Event "Leipzig VfB op 11th"]
[Site "Leipzig"]
[Date "2004.03.17"]
[Round "3"]
[White "Wueller, Moritz"]
[Black "Friebe, Martin"]
[Result "0-1"]
[WhiteElo "1372"]
[BlackElo "1838"]
[PlyCount "110"]
[EventDate "2004.03.16"]
[EventType "swiss"]
[EventRounds "9"]
[EventCountry "GER"]
[SourceTitle "EXT 2007"]
[Source "ChessBase"]
[SourceDate "2006.11.23"]
[SourceVersion "1"]
[SourceVersionDate "2006.11.23"]
[SourceQuality "1"]

1. e4 c5 2. Nf3 Nc6 3. d4 cxd4 4. Nxd4 e6 5. Nc3 Qb6 6. Nb3 a6 7. Be3 Qc7 8. g3 Nf6 9. Bg2 Be7 10. 0-0 b5 11. Qd2 Ne5 12. Bf4 d6 13. Bxe5 dxe5 14. Rad1 Bb7 15. Qe2 Bc6 16. Qe3 0-0 17. Nc5 Ng4 18. Qe2 Nxf2 19. Qxf2 b4 20. Ne2 Bb5 21. Nd3 Qxc2 22. Nec1 Qc7 23. Kh1 Rad8 24. Rfe1 Rd7 25. Qf3 Qc2 26. Nf2 Rxd1 27. Rxd1 Qxb2 28. Ncd3 Qxa2 29. Bf1 Ba4 30. Re1 b3 31. Nxe5 Bb4 32. Rd1 b2 33. Bc4 Qa1 34. Bd3 Bc5 35. Rb1 Bd4 36. Nc4 Qa2 37. Qe2 Rb8 38. Nd1 Bxd1 39. Qxd1 a5 40. Qc2 e5 41. Nd2 Qa3 42. Nc4 Qb4 43. Qe2 a4 44. Qc2 a3 45. Nxa3 Qxa3 46. Qc7 Rf8 47. Qc4 g6 48. Kg2 Qa5 49. Qc2 Qb4 50. Kf3 Ra8 51. g4 Ra3 52. Ke2 Qe7 53. Qc8+ Kg7 54. h3 Qg5 55. Qc2 Qe3+ 0-1

[Event "Leipzig VfB op 11th"]
[Site "Leipzig"]
[Date "2004.03.16"]
[Round "1"]
[White "Ksieski, Zbigniew"]
[Black "Friebe, Martin"]
[Result "1-0"]
[WhiteElo "2390"]
[BlackElo "1838"]
[PlyCount "67"]
[EventDate "2004.03.16"]
[EventType "swiss"]
[EventRounds "9"]
[EventCountry "GER"]
[SourceTitle "EXT 2007"]
[Source "ChessBase"]
[SourceDate "2006.11.23"]
[SourceVersion "1"]
[SourceVersionDate "2006.11.23"]
[SourceQuality "1"]

1. d4 e6 2. Nf3 c5 3. g3 cxd4 4. Nxd4 d5 5. Bg2 Nc6 6. 0-0 Bc5 7. Nb3 Bb6 8. Nc3 Nge7 9. e4 d4 10. Na4 0-0 11. Nxb6 Qxb6 12. c3 dxc3 13. bxc3 e5 14. Be3 Qc7 15. f4 b6 16. Qe2 a5 17. Qf2 Rb8 18. Nd2 Ba6 19. Rfb1 b5 20. Bf1 a4 21. Nf3 Rb7 22. Ne1 exf4 23. gxf4 Na5 24. Nd3 Qxc3 25. Nb4 Qf6 26. Bd4 Qg6+ 27. Bg2 Rd7 28. f5 Qd6 29. Bc5 Qf6 30. Bxe7 Qxe7 31. Nxa6 Rfd8 32. f6 gxf6 33. Qc5 Qe6 34. Nc7 1-0

[Event "Leipzig VfB op 10th"]
[Site "Leipzig"]
[Date "2003.03.13"]
[Round "4"]
[White "Friebe, Martin"]
[Black "Hoffmann, Steffen"]
[Result "1/2-1/2"]
[WhiteElo "1708"]
[BlackElo "2059"]
[PlyCount "74"]
[EventDate "2003.03.11"]
[EventType "swiss"]
[EventRounds "9"]
[EventCountry "GER"]
[SourceTitle "EXT 2008"]
[Source "ChessBase"]
[SourceDate "2007.11.25"]
[SourceVersion "1"]
[SourceVersionDate "2007.11.25"]
[SourceQuality "1"]

1. e4 c5 2. Nf3 e6 3. d4 cxd4 4. Nxd4 Nc6 5. Bc4 Nf6 6. Nxc6 bxc6 7. Qf3 d5 8. Bd3 Bd6 9. 0-0 Qc7 10. g3 0-0 11. Bg5 dxe4 12. Bxe4 Nxe4 13. Qxe4 Rb8 14. b3 c5 15. Nd2 Rb4 16. c4 Bb7 17. Qe2 Be5 18. Rad1 Bd4 19. Be3 Qc6 20. f3 Qd7 21. Ne4 Bxe4 22. Bxd4 cxd4 23. Qxe4 Rd8 24. Rd3 Rb6 25. f4 Rd6 26. Rfd1 f6 27. Kf2 g6 28. c5 Rd5 29. b4 Kf7 30. Qe2 e5 31. fxe5 Rxe5 32. Qc2 Qf5+ 33. Kg1 Rde8 34. Rf1 Re1 35. Qc4+ Kg7 36. Rd1 Rxf1+ 37. Rxf1 Qe4 1/2-1/2